LEADER 01149nam0 2200277 i 450 001 SUN0072401 005 20091105120000.0 010 $a88-14-06491-1 100 $a20091104d1997 |0itac50 ba 101 $aita 102 $aIT 105 $a|||| ||||| 200 1 $aˆ2: ‰Gare di appalto e contratti$e600 nuovi casi pratici annotati e risolti con i più recenti orientamenti giurisprudenziali$fAldo Sgro 210 $aMilano$cGiuffrè$dc1997 215 $aXIV, 230 p.$d25 cm. 410 1$1001SUN0004158$12001 $aCosa & Come. Enti locali$v25$1210 $aMilano$cGiuffrè. 606 $aLavori pubblici$xAppalti$xGiurisprudenza$2FI$3SUNC002795 620 $dMilano$3SUNL000284 676 $a344.45060002648$cLAVORI PUBBLICI. REPERTORI DI GIURISPRUDENZA$v21 700 1$aSgro$b, Aldo$3SUNV007346$039764 712 $aGiuffrè$3SUNV001757$4650 801 $aIT$bSOL$c20181231$gRICA 912 $aSUN0072401 950 $aUFFICIO DI BIBLIOTECA DEL DIPARTIMENTO DI GIURISPRUDENZA$d00CONS IV.Eof.132 $e00FT 36342 20091215 996 $aGare di appalto e contratti$9626430 997 $aUNICAMPANIA LEADER 01038nam a22002651i 4500 001 991003550029707536 005 20030903140313.0 008 031111s1966 gw |||||||||||||||||ger 035 $ab12441806-39ule_inst 035 $aARCHE-047509$9ExL 040 $aDip.to Lingue$bita$cA.t.i. Arché s.c.r.l. Pandora Sicilia s.r.l. 082 04$a832.7 100 1 $aGrabbe, Christian Dietrich$0203613 245 10$aWerke :$bProsa-Schriften, Kleinere dramatische Fragmente, Gedichte, Albumblatter, Ein Tagebuch-Eintrag /$cChristian Dietrich Grabbe 260 $aEmsdetten :$bLechte,$c1966 300 $aXIII, 672 p. ;$c22 cm 440 0$aWerke und Briefe ;$v4 700 1 $aBergmann, Alfred 710 2 $aAkademie der Wissenschaften 907 $a.b12441806$b02-04-14$c13-11-03 912 $a991003550029707536 945 $aLE012 GRA 6675$cV. 4$g1$i2012000085442$lle012$o-$pE0.00$q-$rl$s- $t0$u0$v0$w0$x0$y.i12868085$z13-11-03 996 $aWerke$9166207 997 $aUNISALENTO 998 $ale012$b13-11-03$cm$da $e-$fger$ggw $h0$i1